Stolice Ameryki Południowej - Statystyki

Ogólne statystyki
  • Ten quiz został rozwiązany 57 972 razy
    57 948 od ostatniego zresetowania
  • Średni wynik to 8 z 12
Statystyki odpowiedzi
Państwo Stolica % Poprawnych
Argentyna Buenos Aires
93%
Brazylia Brasilia
92%
Peru Lima
77%
Chile Santiago
76%
Kolumbia Bogota
74%
Urugwaj Montevideo
73%
Boliwia La Paz / Sucre
70%
Wenezuela Caracas
61%
Ekwador Quito
61%
Gujana Georgetown
46%
Paragwaj Asuncion
44%
Surinam Paramaribo
38%
Nie znaleziono quizów pasujących do podanych kryteriów
Rozkład punktacji
Procent ludzi z każdym wynikiem
Percentyl według liczby udzielonych odpowiedzi
Twoja historia wyników
Nie rozwiązałeś tego quizu od ostatniego zresetowania